Revista de derecho penal. la corrupción en sus diversas modalidades y la destrucción del Estado de Derecho. / Tomo II :

Guardado en:
Formato: Libro
Idioma:Spanish
Publicado: Santa Fe : Rubinzal Culzoni, 2021.
Edición:1a. ed.
Materias:
Etiquetas: Agregar Etiqueta
Sin Etiquetas, Sea el primero en etiquetar este registro!
LEADER 00589nam a22001575a 4500
001 DER.der014638
008 210421s2021####ag#||||||||||||||#||spa||
005 20251031162952.0
245 1 0 |a Revista de derecho penal.  |b la corrupción en sus diversas modalidades y la destrucción del Estado de Derecho. /  |n Tomo II :  |c dirigido por Edgardo Alberto Donna. 
250 |a 1a. ed. 
260 |a Santa Fe :  |b Rubinzal Culzoni,  |c 2021. 
300 |a 928 p. 
020 |a 9789873022531 
700 1 |a Donna, Edgardo Alberto.,  |e dir. 
650 7 |a DERECHO PROCESAL PENAL 
859 |a DERECHO  |b BIB. DERECHO  |h 345.05  |i REV  |p 009948  |t 1